Les institutions juridiques des Romains.

Gardado en:
Detalles Bibliográficos
Autor Principal: Cuq, Edouard (auteur)
Formato: Libro
Idioma:inglés
Publicado: Paris, France: Libraire Plon; Libraire Générale, 1904.
Edición:Seconde édition.
Subjects:
Tags: Engadir etiqueta
Sen Etiquetas, Sexa o primeiro en etiquetar este rexistro!

MARC

LEADER 00000nam a22000007a 4500
003 CL-VaPUC
005 20241014131101.0
008 220811t1904 ||||| |||| 00| 0 eng d
999 |c 438290  |d 438288 
040 |c Pontificia Universidad Católica de Valparaíso 
082 |2 22  |a 340.54 CUQ 1904 
100 |9 400475  |a Cuq, Edouard  |e auteur 
245 |a Les institutions juridiques des Romains.  
250 |a Seconde édition.   |b Entièrement refondue.  
260 |a Paris, France:   |b Libraire Plon;   |b Libraire Générale,   |c 1904.  
300 |a Tomo 1.  
500 |a c.1 Donación Familia Prof. Alejandro Guzmán Brito. Ouvrage couronné par l'Académie des sciences morales et politiques. 
583 |c 20220811  |k Yessy Sthefany Diaz Vidal 
650 0 |9 255930  |a Derecho romano  |x Historia  
650 0 |a Imperio Romano  |x Instituciones jurídicas  |x Historia   |9 322785 
942 |2 ddc  |c BK  |n 0 
952 |0 0  |1 0  |2 ddc  |4 0  |6 340_540000000000000_CUQ_1904  |7 1  |8 C_AGB  |9 586178  |a BIBDER  |b BIBDER  |d 2022-08-11  |e Donación   |h t.1  |i 5653971  |o 340.54 CUQ 1904  |p 5653971  |r 2023-01-25  |t 1  |w 2022-08-11  |y BK_US  |k AGB